[Event "23rd ETCC Women 2021"]
[Site "Catez"]
[Date "2021.11.15"]
[Round "4.52"]
[White "Tamrazyan, Gohar"]
[Black "Radikovic, Anamarija"]
[Result "1/2-1/2"]
[WhiteElo "1981"]
[BlackElo "2124"]
[Annotator "TA"]
[PlyCount "132"]
[EventDate "2021.11.08"]
[EventType "team-tourn"]
[EventCountry "SLO"]
[SourceTitle "playchess.com"]
[Source "ChessBase"]
[SourceQuality "1"]
[WhiteTeam "Switzerland"]
[BlackTeam "Croatia"]
[WhiteTeamCountry "SUI"]
[BlackTeamCountry "CRO"]

{[%evp 24,132,-10,-6,0,1,16,0,0,0,108,101,104,106,110,100,86,61,64,55,52,19,38,
0,8,0,7,0,28,26,37,33,43,0,-2,-12,0,-24,-30,-32,-40,-54,-63,-62,-11,-7,-7,-7,
-7,-8,-16,-10,-12,-14,0,-18,-16,-16,-8,-12,-14,-16,-18,-16,-8,-16,0,-36,-36,
-51,-37,-235,-226,-238,-182,-207,-218,-174,-145,-186,-160,-725,-723,-455,-478,
-667,-667,-620,-606,-449,-412,-667,-499,-1213,-625,-875,-681,-420,-8,-8,-8,-8,
-8,-8,-8,-8,-8,-8,-8,-8,-8]} 1. e4 c5 2. Nf3 d6 3. d4 cxd4 4. Qxd4 Nc6 5. Bb5
Bd7 6. Bxc6 Bxc6 7. Nc3 Nf6 8. Bg5 e6 9. Qd3 Be7 10. Nd4 Qa5 11. Bd2 Qc7 12.
O-O-O O-O 13. f4 Rfc8 {B53: Sicilian: 2...d6: Lines with Qxd4.} 14. f5 Bd7 {[#]
} 15. g4 $146 ({Predecessor:} 15. fxe6 fxe6 16. Bg5 Qc4 17. Qxc4 Rxc4 18. Ndb5
Bxb5 19. Nxb5 Rd8 20. Nd4 Kf7 21. Rhe1 {0-1 (40) Prasca Sosa,R (2420)-Bruzon
Batista,L (2694) Quito 2012}) 15... Qc4 16. Bg5 Nd5 17. Bxe7 $16 Qxd3 18. Rxd3
Nxe7 19. Ndb5 d5 20. Nd6 Rc7 21. exd5 Nxd5 22. fxe6 fxe6 23. Nde4 Nf4 24. Rd2
e5 25. g5 Be6 26. h4 a6 27. h5 Rd7 28. Rxd7 Bxd7 29. h6 Bc6 30. Re1 Ne6 31.
hxg7 Kxg7 32. Nd6 Nxg5 33. Rxe5 Kf6 (33... Kg6 $15) 34. Rf5+ $11 Ke6 {[#]
Hoping for ...Rg8.} 35. Rxg5 {aiming for Nce4.} Kxd6 {[%mdl 4096] Endgame
KRB-KRN} 36. Rh5 Rh8 37. Kd2 Ke6 38. Ke3 Kf6 39. Ne2 Be8 40. Rh6+ Kg5 41. Rb6
Bc6 42. Nd4 Re8+ 43. Kf2 Bd5 44. b3 Re4 45. Nf3+ Kf5 {Threatens to win with ...
Rf4.} 46. Rd6 Bc6 {And now ...Rf4 would win.} 47. Rd8 $2 (47. Ng1 $15) 47...
Rf4 $19 48. Rf8+ Ke4 49. Rxf4+ Kxf4 {KB-KN} 50. Nd4 Be4 51. c4 h5 52. c5 $2 (
52. Ne2+ $17 Kg4 53. Nc3) 52... h4 53. Ne2+ Ke5 54. b4 Bd3 55. Ng1 Kd5 56. Nf3
{[#]} h3 57. Nd2 (57. Kg3 $142 Bb5 58. Nd2) 57... Kd4 58. Kg3 (58. Nf3+ $142
Kc3 59. Kg3) 58... Bf5 59. Nb3+ Kc3 60. Na5 Bc8 $2 (60... Be4 $19 61. Nb3 Kxb4)
61. a3 $11 {The position is equal.} Kb2 62. Nc4+ Kb3 63. Nd6 Bd7 (63... Be6 $5
64. b5 $8 (64. Nxb7 $2 Kxa3 65. Nd8 Bd7 $19) 64... h2 65. Kxh2 axb5 $11) 64.
Nxb7 Kxa3 65. c6 $1 {[%cal Rc6d7]} Bxc6 (65... Be6 $5 66. Nc5 $8 {[%mdl 64]
Double Attack} Bf5 $11) 66. Nc5 Kxb4 {Whites escaped into a draw.  Weighted
Error Value: White=0.55/Black=0.35} 1/2-1/2

[Event "23rd ETCC Women 2021"]
[Site "Catez"]
[Date "2021.11.15"]
[Round "4.53"]
[White "Atalik, Ekaterina"]
[Black "Ptacnikova, Lenka"]
[Result "0-1"]
[WhiteElo "2430"]
[BlackElo "2200"]
[Annotator "NA"]
[PlyCount "78"]
[EventDate "2021.11.08"]
[EventType "team-tourn"]
[EventCountry "SLO"]
[SourceTitle "playchess.com"]
[Source "ChessBase"]
[SourceQuality "1"]
[WhiteTeam "Turkey"]
[BlackTeam "Iceland"]
[WhiteTeamCountry "TUR"]
[BlackTeamCountry "ISL"]
[TimeControl "40/5400+30:1800+30"]

1. d4 {[%emt 0:00:03]} Nf6 {[%emt 0:00:08]} 2. Nf3 {[%emt 0:00:22]} e6 {
[%emt 0:00:54]} 3. c4 {[%emt 0:00:14]} Bb4+ {[%emt 0:00:11]} 4. Bd2 {[%emt 0:
00:21]} Qe7 {[%emt 0:00:57]} 5. g3 {[%emt 0:00:31]} Nc6 {[%emt 0:01:07]} 6. Nc3
{[%emt 0:01:04]} Bxc3 {[%emt 0:00:29]} 7. Bxc3 {[%emt 0:00:06]} Ne4 {[%emt 0:
00:08]} 8. Rc1 {[%emt 0:00:19]} d6 {[%emt 0:01:29]} 9. Bg2 {[%emt 0:01:13]} O-O
{[%emt 0:00:27]} 10. d5 {[%emt 0:02:07]} Nxc3 {[%emt 0:00:56]} 11. Rxc3 {
[%emt 0:00:19]} Nb8 {[%emt 0:00:30]} 12. O-O {[%emt 0:02:24]} e5 {[%emt 0:00:
25]} 13. Qc2 {[%emt 0:07:12]} Nd7 {[%emt 0:02:07]} 14. b4 {[%emt 0:01:54]} Nf6
{[%emt 0:03:28]} 15. Nd2 {[%emt 0:02:18]} Bd7 {[%emt 0:04:23]} 16. c5 {[%emt 0:
06:19]} a5 {[%emt 0:01:58]} 17. cxd6 {[%emt 0:09:19]} cxd6 {[%emt 0:00:53]} 18.
Rb1 {[%emt 0:09:46]} axb4 {[%emt 0:09:24]} 19. Rxb4 {[%emt 0:00:12]} b5 {
[%emt 0:00:40]} 20. e4 {[%emt 0:05:30]} Ra7 {[%emt 0:03:12]} 21. Nb1 {[%emt 0:
08:08]} Rfa8 {[%emt 0:02:50]} 22. a3 {[%emt 0:04:31]} h6 {[%emt 0:11:47]} 23.
Bf1 {[%emt 0:02:50]} Ra4 {[%emt 0:08:04]} 24. Rxa4 {[%emt 0:02:21]} bxa4 {
[%emt 0:00:23]} 25. Rc4 {[%emt 0:00:58]} Qe8 {[%emt 0:08:23]} 26. Nc3 {[%emt 0:
01:24]} Rc8 {[%emt 0:00:26]} 27. Qb2 {[%emt 0:02:53]} Rxc4 {[%emt 0:04:35]} 28.
Bxc4 {[%emt 0:00:06]} Qc8 {[%emt 0:04:13]} 29. Qb4 {[%emt 0:00:08]} Bh3 {
[%emt 0:01:43]} 30. f3 {[%emt 0:09:34]} Qc7 {[%emt 0:00:50]} 31. Nd1 {[%emt 0:
02:51]} Qa7+ {[%emt 0:01:57]} 32. Kh1 {[%emt 0:01:37]} Nd7 {[%emt 0:10:31]} 33.
Be2 {[%emt 0:01:55]} h5 {[%emt 0:02:12]} 34. Qxd6 {[%emt 0:02:18]} f6 {[%emt 0:
03:12]} 35. Qb4 {[%emt 0:00:33]} Nc5 {[%emt 0:01:17]} 36. Nf2 {[%emt 0:01:36]}
Bd7 {[%emt 0:00:31]} 37. Kg2 {[%emt 0:00:25]} Nb3 {[%emt 0:00:41]} 38. Bd1 {
[%emt 0:05:12]} Nd4 {[%emt 0:02:16]} 39. Qe7 {[%emt 0:01:26]} Bh3+ {[%emt 0:00:
11]} 0-1

[Event "23rd ETCC Women 2021"]
[Site "Catez"]
[Date "2021.11.15"]
[Round "4.54"]
[White "Thorsteinsdottir, Hallgerdur"]
[Black "Caglar, Sila"]
[Result "1/2-1/2"]
[WhiteElo "2010"]
[BlackElo "2250"]
[Annotator "NA"]
[PlyCount "83"]
[EventDate "2021.11.08"]
[EventType "team-tourn"]
[EventCountry "SLO"]
[SourceTitle "playchess.com"]
[Source "ChessBase"]
[SourceQuality "1"]
[WhiteTeam "Iceland"]
[BlackTeam "Turkey"]
[WhiteTeamCountry "ISL"]
[BlackTeamCountry "TUR"]
[TimeControl "40/5400+30:1800+30"]

1. e4 {[%emt 0:00:05]} c5 {[%emt 0:00:04]} 2. Nf3 {[%emt 0:00:11]} e6 {[%emt 0:
00:05]} 3. g3 {[%emt 0:00:21]} Nc6 {[%emt 0:00:07]} 4. Bg2 {[%emt 0:00:39]} Nf6
{[%emt 0:00:43]} 5. Qe2 {[%emt 0:00:37]} d5 {[%emt 0:01:06]} 6. exd5 {[%emt 0:
04:59]} Nxd5 {[%emt 0:00:27]} 7. O-O {[%emt 0:00:20]} Be7 {[%emt 0:00:41]} 8.
Rd1 {[%emt 0:00:42]} Bf6 {[%emt 0:07:31]} 9. Nc3 {[%emt 0:04:05]} O-O {[%emt 0:
04:01]} 10. Ne4 {[%emt 0:04:17]} b6 {[%emt 0:03:34]} 11. c3 {[%emt 0:05:44]}
Bb7 {[%emt 0:02:08]} 12. d4 {[%emt 0:12:05]} cxd4 {[%emt 0:02:22]} 13. Nxf6+ {
[%emt 0:00:31]} Qxf6 {[%emt 0:01:18]} 14. Nxd4 {[%emt 0:01:32]} Rad8 {[%emt 0:
07:19]} 15. Nxc6 {[%emt 0:05:37]} Bxc6 {[%emt 0:00:08]} 16. c4 {[%emt 0:01:29]}
Ne7 {[%emt 0:03:52]} 17. Bf4 {[%emt 0:03:53]} Bxg2 {[%emt 0:01:57]} 18. Kxg2 {
[%emt 0:00:06]} Nc6 {[%emt 0:00:50]} 19. Bd6 {[%emt 0:06:38]} Rfe8 {[%emt 0:03:
52]} 20. Qe4 {[%emt 0:00:57]} Rc8 {[%emt 0:04:38]} 21. b4 {[%emt 0:04:29]} e5 {
[%emt 0:05:58]} 22. Rd5 {[%emt 0:07:46]} Qe6 {[%emt 0:03:19]} 23. Rad1 {
[%emt 0:10:05]} f6 {[%emt 0:07:10]} 24. c5 {[%emt 0:03:33]} Nd4 {[%emt 0:09:15]
} 25. Re1 {[%emt 0:01:46]} Nb5 {[%emt 0:05:28]} 26. Re3 {[%emt 0:05:12]} Rcd8 {
[%emt 0:14:30]} 27. Red3 {[%emt 0:00:59]} bxc5 {[%emt 0:07:03]} 28. bxc5 {
[%emt 0:02:35]} Nxd6 {[%emt 0:02:55]} 29. cxd6 {[%emt 0:00:52]} Rd7 {[%emt 0:
00:10]} 30. Qa4 {[%emt 0:02:53]} Red8 {[%emt 0:00:44]} 31. Ra5 {[%emt 0:01:55]}
Rxd6 {[%emt 0:01:25]} 32. Rxd6 {[%emt 0:00:32]} Qxd6 {[%emt 0:00:06]} 33. Qb3+
{[%emt 0:02:20]} Kf8 {[%emt 0:01:15]} 34. Rxa7 {[%emt 0:00:16]} Qd5+ {[%emt 0:
00:52]} 35. Qxd5 {[%emt 0:01:11]} Rxd5 {[%emt 0:00:01]} 36. a4 {[%emt 0:01:09]}
Rd3 {[%emt 0:00:15]} 37. a5 {[%emt 0:02:01]} Ra3 {[%emt 0:00:11]} 38. a6 {
[%emt 0:00:48]} Kg8 {[%emt 0:01:00]} 39. h4 {[%emt 0:02:47]} h5 {[%emt 0:00:34]
} 40. Kf1 {[%emt 0:00:57]} Ra2 {[%emt 0:00:08]} 41. Kg2 {[%emt 0:30:24]} Ra3 {
[%emt 0:30:08]} 42. Kf1 {[%emt 0:01:07]} 1/2-1/2

[Event "23rd ETCC Women 2021"]
[Site "Catez"]
[Date "2021.11.15"]
[Round "4.55"]
[White "Kocyigit, Buse Naz"]
[Black "Johannsdottir, Johanna Bjorg"]
[Result "0-1"]
[WhiteElo "2034"]
[BlackElo "1952"]
[Annotator "NA"]
[PlyCount "102"]
[EventDate "2021.11.08"]
[EventType "team-tourn"]
[EventCountry "SLO"]
[SourceTitle "playchess.com"]
[Source "ChessBase"]
[SourceQuality "1"]
[WhiteTeam "Turkey"]
[BlackTeam "Iceland"]
[WhiteTeamCountry "TUR"]
[BlackTeamCountry "ISL"]
[TimeControl "40/5400+30:1800+30"]

1. Nf3 {[%emt 0:00:03]} g6 {[%emt 0:00:08]} 2. d4 {[%emt 0:00:09]} Bg7 {
[%emt 0:00:06]} 3. e4 {[%emt 0:00:07]} d6 {[%emt 0:00:07]} 4. Nc3 {[%emt 0:00:
17]} a6 {[%emt 0:00:05]} 5. Be3 {[%emt 0:00:35]} b5 {[%emt 0:00:44]} 6. Bd3 {
[%emt 0:03:13]} Bb7 {[%emt 0:00:31]} 7. a4 {[%emt 0:01:59]} b4 {[%emt 0:00:48]}
8. Ne2 {[%emt 0:00:04]} Nd7 {[%emt 0:00:22]} 9. Qd2 {[%emt 0:01:01]} c5 {
[%emt 0:00:36]} 10. c3 {[%emt 0:00:19]} a5 {[%emt 0:04:17]} 11. O-O {[%emt 0:
05:26]} Rc8 {[%emt 0:01:33]} 12. Rae1 {[%emt 0:22:35]} c4 {[%emt 0:08:58]} 13.
Bb1 {[%emt 0:00:45]} b3 {[%emt 0:00:33]} 14. Ng3 {[%emt 0:09:24]} h6 {[%emt 0:
04:24]} 15. h4 {[%emt 0:08:39]} e6 {[%emt 0:07:46]} 16. h5 {[%emt 0:01:34]} g5
{[%emt 0:00:31]} 17. d5 {[%emt 0:02:11]} e5 {[%emt 0:04:56]} 18. Nf5 {[%emt 0:
00:27]} Bf8 {[%emt 0:00:04]} 19. Qe2 {[%emt 0:06:47]} Qc7 {[%emt 0:02:35]} 20.
Nd2 {[%emt 0:04:21]} Ngf6 {[%emt 0:02:58]} 21. g3 {[%emt 0:03:40]} Rg8 {
[%emt 0:01:19]} 22. Kh1 {[%emt 0:02:02]} g4 {[%emt 0:07:26]} 23. Bxh6 {[%emt 0:
07:50]} Bxh6 {[%emt 0:07:07]} 24. Nxh6 {[%emt 0:00:02]} Rg5 {[%emt 0:00:34]}
25. Nf5 {[%emt 0:01:20]} Nxh5 {[%emt 0:00:58]} 26. Qxc4 {[%emt 0:05:45]} Nc5 {
[%emt 0:08:36]} 27. Qe2 {[%emt 0:06:07]} Ba6 {[%emt 0:02:00]} 28. c4 {[%emt 0:
03:25]} Nxa4 {[%emt 0:02:41]} 29. Qe3 {[%emt 0:01:03]} f6 {[%emt 0:01:27]} 30.
f4 {[%emt 0:01:01]} gxf3 {[%emt 0:03:02]} 31. Rxf3 {[%emt 0:02:07]} Rd8 {
[%emt 0:07:24]} 32. Re2 {[%emt 0:00:55]} Nxb2 {[%emt 0:03:28]} 33. Qxb3 {
[%emt 0:00:16]} Rb8 {[%emt 0:02:55]} 34. Qc2 {[%emt 0:00:22]} a4 {[%emt 0:04:
31]} 35. Rh2 {[%emt 0:00:30]} Qc5 {[%emt 0:02:01]} 36. Qc1 {[%emt 0:01:21]} Kf7
{[%emt 0:01:51]} 37. Ba2 {[%emt 0:00:45]} Bc8 {[%emt 0:02:35]} 38. Nf1 {
[%emt 0:00:26]} Bxf5 {[%emt 0:00:58]} 39. exf5 {[%emt 0:00:30]} Qd4 {[%emt 0:
02:16]} 40. Rd2 {[%emt 0:00:34]} Qg4 {[%emt 0:04:16]} 41. Qc3 {[%emt 0:30:29]}
e4 {[%emt 0:07:12]} 42. Re3 {[%emt 0:00:00]} Nd3 {[%emt 0:00:57]} 43. Qd4 {
[%emt 0:00:00]} Nc5 {[%emt 0:01:47]} 44. Kg1 {[%emt 0:00:00]} Nf4 {[%emt 0:04:
53]} 45. Rh2 {[%emt 0:00:00]} Qxf5 {[%emt 0:00:38]} 46. Nd2 {[%emt 0:00:00]}
Nh3+ {[%emt 0:03:14]} 47. Kh1 {[%emt 0:00:00]} Rh8 {[%emt 0:00:29]} 48. Qb2 {
[%emt 0:03:32]} Nf2+ {[%emt 0:00:51]} 49. Kg1 {[%emt 0:00:08]} Rxh2 {[%emt 0:
00:19]} 50. Nf1 {[%emt 0:00:52]} Rh1+ {[%emt 0:00:30]} 51. Kg2 {[%emt 0:00:08]}
Qh3+ {[%emt 0:00:12]} 0-1

[Event "23rd ETCC Women 2021"]
[Site "Catez"]
[Date "2021.11.15"]
[Round "4.56"]
[White "Acevedo Mendez, Lisseth"]
[Black "Onur, Cigdem"]
[Result "0-1"]
[WhiteElo "1803"]
[BlackElo "2015"]
[Annotator "NA"]
[PlyCount "80"]
[EventDate "2021.11.08"]
[EventType "team-tourn"]
[EventCountry "SLO"]
[SourceTitle "playchess.com"]
[Source "ChessBase"]
[SourceQuality "1"]
[WhiteTeam "Iceland"]
[BlackTeam "Turkey"]
[WhiteTeamCountry "ISL"]
[BlackTeamCountry "TUR"]
[TimeControl "40/5400+30:1800+30"]

1. e4 {[%emt 0:00:02]} c5 {[%emt 0:00:06]} 2. Nf3 {[%emt 0:00:06]} e6 {[%emt 0:
00:03]} 3. d4 {[%emt 0:00:11]} cxd4 {[%emt 0:00:05]} 4. Nxd4 {[%emt 0:00:04]}
a6 {[%emt 0:00:03]} 5. Bd3 {[%emt 0:00:22]} Nf6 {[%emt 0:00:24]} 6. O-O {
[%emt 0:00:34]} Qc7 {[%emt 0:00:53]} 7. Qe2 {[%emt 0:00:35]} d6 {[%emt 0:01:16]
} 8. c4 {[%emt 0:01:00]} Nbd7 {[%emt 0:06:12]} 9. b3 {[%emt 0:08:30]} Be7 {
[%emt 0:08:54]} 10. Bb2 {[%emt 0:00:30]} O-O {[%emt 0:04:28]} 11. Nc3 {[%emt 0:
03:46]} Nc5 {[%emt 0:14:26]} 12. Bc2 {[%emt 0:04:45]} e5 {[%emt 0:12:09]} 13.
Nf5 {[%emt 0:15:35]} Ne6 {[%emt 0:02:52]} 14. Nd5 {[%emt 0:05:27]} Nxd5 {
[%emt 0:00:16]} 15. exd5 {[%emt 0:00:05]} Nf4 {[%emt 0:09:30]} 16. Qf3 {
[%emt 0:09:34]} Bf6 {[%emt 0:06:54]} 17. Ba3 {[%emt 0:05:51]} Rd8 {[%emt 0:08:
52]} 18. Rae1 {[%emt 0:01:27]} g6 {[%emt 0:05:04]} 19. Nh6+ {[%emt 0:01:27]}
Kg7 {[%emt 0:00:51]} 20. Ng4 {[%emt 0:00:04]} Bxg4 {[%emt 0:06:48]} 21. Qxg4 {
[%emt 0:00:14]} Nxd5 {[%emt 0:02:04]} 22. Bxg6 {[%emt 0:02:11]} hxg6 {[%emt 0:
00:13]} 23. cxd5 {[%emt 0:00:05]} Qa5 {[%emt 0:01:12]} 24. Qb4 {[%emt 0:01:05]}
Qxd5 {[%emt 0:00:38]} 25. Rd1 {[%emt 0:00:05]} Qb5 {[%emt 0:03:03]} 26. Rxd6 {
[%emt 0:04:47]} Rxd6 {[%emt 0:01:02]} 27. Qxd6 {[%emt 0:00:10]} Rd8 {[%emt 0:
00:05]} 28. Qb4 {[%emt 0:00:38]} Qe2 {[%emt 0:01:16]} 29. g3 {[%emt 0:09:23]}
Qxa2 {[%emt 0:00:06]} 30. Rc1 {[%emt 0:00:28]} b5 {[%emt 0:02:02]} 31. Rc6 {
[%emt 0:00:48]} a5 {[%emt 0:00:41]} 32. Qc5 {[%emt 0:01:31]} b4 {[%emt 0:01:53]
} 33. Bc1 {[%emt 0:01:09]} Qxb3 {[%emt 0:00:14]} 34. Qxa5 {[%emt 0:08:15]} Qf3
{[%emt 0:01:06]} 35. Bh6+ {[%emt 0:03:00]} Kxh6 {[%emt 0:00:10]} 36. Rc1 {
[%emt 0:00:03]} Rd1+ {[%emt 0:00:47]} 37. Rxd1 {[%emt 0:00:04]} Qxd1+ {[%emt 0:
00:04]} 38. Kg2 {[%emt 0:00:02]} b3 {[%emt 0:00:26]} 39. Qb4 {[%emt 0:00:26]}
Kg7 {[%emt 0:00:17]} 40. h4 {[%emt 0:00:59]} e4 {[%emt 0:00:09]} 0-1

[Event "23rd ETCC Women 2021"]
[Site "Catez"]
[Date "2021.11.15"]
[Round "4.57"]
[White "Novkovic, Julia"]
[Black "Hrescak, Ivana"]
[Result "0-1"]
[WhiteElo "2082"]
[BlackElo "2138"]
[Annotator "NA"]
[PlyCount "76"]
[EventDate "2021.11.08"]
[EventType "team-tourn"]
[EventCountry "SLO"]
[SourceTitle "playchess.com"]
[Source "ChessBase"]
[SourceQuality "1"]
[WhiteTeam "Austria"]
[BlackTeam "Slovenia"]
[WhiteTeamCountry "AUT"]
[BlackTeamCountry "SLO"]
[TimeControl "40/5400+30:1800+30"]

1. e4 {[%emt 0:00:03]} c5 {[%emt 0:00:03]} 2. Nf3 {[%emt 0:00:07]} d6 {[%emt 0:
00:03]} 3. Bb5+ {[%emt 0:00:17]} Nd7 {[%emt 0:00:06]} 4. O-O {[%emt 0:00:33]}
a6 {[%emt 0:00:52]} 5. Bd3 {[%emt 0:00:23]} g6 {[%emt 0:01:52]} 6. c3 {[%emt 0:
02:02]} Bg7 {[%emt 0:00:35]} 7. Bc2 {[%emt 0:01:19]} b6 {[%emt 0:10:00]} 8. d4
{[%emt 0:02:26]} Bb7 {[%emt 0:00:08]} 9. Re1 {[%emt 0:01:27]} Qc7 {[%emt 0:01:
22]} 10. Nbd2 {[%emt 0:04:12]} e6 {[%emt 0:08:19]} 11. dxc5 {[%emt 0:10:39]}
Qxc5 {[%emt 0:06:54]} 12. Nb3 {[%emt 0:04:15]} Qc7 {[%emt 0:00:55]} 13. Nbd4 {
[%emt 0:16:40]} Ne7 {[%emt 0:04:46]} 14. Ng5 {[%emt 0:07:18]} Bf6 {[%emt 0:23:
51]} 15. Ngxe6 {[%emt 0:12:25]} fxe6 {[%emt 0:01:27]} 16. Nxe6 {[%emt 0:00:01]}
Qc6 {[%emt 0:02:42]} 17. Bf4 {[%emt 0:08:49]} Nc5 {[%emt 0:05:24]} 18. Nd4 {
[%emt 0:01:01]} Qd7 {[%emt 0:00:43]} 19. Nf5 {[%emt 0:08:31]} gxf5 {[%emt 0:05:
26]} 20. Qh5+ {[%emt 0:00:20]} Kd8 {[%emt 0:08:57]} 21. Rad1 {[%emt 0:02:17]}
d5 {[%emt 0:02:52]} 22. Qf7 {[%emt 0:05:55]} Qe6 {[%emt 0:01:36]} 23. Qh5 {
[%emt 0:01:09]} fxe4 {[%emt 0:01:34]} 24. f3 {[%emt 0:02:52]} Ng6 {[%emt 0:03:
02]} 25. Bg3 {[%emt 0:00:47]} Be5 {[%emt 0:06:43]} 26. f4 {[%emt 0:01:25]} Nxf4
{[%emt 0:01:48]} 27. Bxf4 {[%emt 0:01:08]} Bxf4 {[%emt 0:00:05]} 28. Qh4+ {
[%emt 0:00:03]} Qe7 {[%emt 0:00:30]} 29. Qxf4 {[%emt 0:00:22]} Rf8 {[%emt 0:00:
21]} 30. Qg4 {[%emt 0:02:03]} Nd7 {[%emt 0:00:46]} 31. Bxe4 {[%emt 0:00:27]}
dxe4 {[%emt 0:00:51]} 32. Rxd7+ Qxd7 {[%emt 0:00:00]} 33. Rd1 {[%emt 0:03:50]}
Bd5 {[%emt 0:01:11]} 34. Qg5+ {[%emt 0:00:09]} Kc7 {[%emt 0:00:23]} 35. Rxd5 {
[%emt 0:00:34]} Qf7 {[%emt 0:00:38]} 36. Qg3+ {[%emt 0:01:46]} Kb7 {[%emt 0:00:
22]} 37. Rd1 {[%emt 0:00:46]} Rad8 {[%emt 0:00:22]} 38. Re1 {[%emt 0:00:16]}
Rd2 {[%emt 0:01:02]} 0-1

[Event "23rd ETCC Women 2021"]
[Site "Catez"]
[Date "2021.11.15"]
[Round "4.58"]
[White "Kolaric, Spela"]
[Black "Teuschler, Barbara"]
[Result "1/2-1/2"]
[WhiteElo "2178"]
[BlackElo "2115"]
[Annotator "NA"]
[PlyCount "72"]
[EventDate "2021.11.08"]
[EventType "team-tourn"]
[EventCountry "SLO"]
[SourceTitle "playchess.com"]
[Source "ChessBase"]
[SourceQuality "1"]
[WhiteTeam "Slovenia"]
[BlackTeam "Austria"]
[WhiteTeamCountry "SLO"]
[BlackTeamCountry "AUT"]
[TimeControl "40/5400+30:1800+30"]

1. e4 {[%emt 0:00:04]} c5 {[%emt 0:00:05]} 2. c3 {[%emt 0:00:20]} Nf6 {[%emt 0:
00:21]} 3. e5 {[%emt 0:00:11]} Nd5 {[%emt 0:00:03]} 4. d4 {[%emt 0:00:14]} cxd4
{[%emt 0:00:07]} 5. Nf3 {[%emt 0:00:18]} e6 {[%emt 0:00:31]} 6. cxd4 {[%emt 0:
00:12]} d6 {[%emt 0:00:14]} 7. Bc4 {[%emt 0:00:59]} Nc6 {[%emt 0:00:19]} 8. O-O
{[%emt 0:01:03]} Be7 {[%emt 0:00:08]} 9. Qe2 {[%emt 0:01:32]} O-O {[%emt 0:00:
13]} 10. Nc3 {[%emt 0:00:26]} Nxc3 {[%emt 0:00:06]} 11. bxc3 {[%emt 0:00:08]}
dxe5 {[%emt 0:00:02]} 12. dxe5 {[%emt 0:00:15]} b6 {[%emt 0:00:26]} 13. Qe4 {
[%emt 0:06:31]} Qc7 {[%emt 0:00:10]} 14. Re1 {[%emt 0:02:37]} Bb7 {[%emt 0:01:
05]} 15. Bd3 {[%emt 0:13:10]} g6 {[%emt 0:00:13]} 16. Ng5 {[%emt 0:20:07]} Nb4
{[%emt 0:23:19]} 17. Qe2 {[%emt 0:02:16]} Nxd3 {[%emt 0:00:36]} 18. Qxd3 {
[%emt 0:00:06]} Rac8 {[%emt 0:08:49]} 19. Qh3 {[%emt 0:08:03]} h5 {[%emt 0:00:
32]} 20. Bd2 {[%emt 0:03:52]} Rfd8 {[%emt 0:19:57]} 21. Qe3 {[%emt 0:11:41]}
Qc6 {[%emt 0:00:28]} 22. Nf3 {[%emt 0:00:46]} Rd7 {[%emt 0:01:32]} 23. Red1 {
[%emt 0:02:43]} Rcd8 {[%emt 0:01:10]} 24. Qe2 {[%emt 0:01:07]} Qe4 {[%emt 0:09:
36]} 25. Qxe4 {[%emt 0:02:52]} Bxe4 {[%emt 0:00:01]} 26. Nd4 {[%emt 0:00:24]}
Bc5 {[%emt 0:10:07]} 27. Be3 {[%emt 0:02:44]} Bb7 {[%emt 0:05:40]} 28. Re1 {
[%emt 0:02:50]} Bxd4 {[%emt 0:01:11]} 29. cxd4 {[%emt 0:01:48]} Rc8 {[%emt 0:
00:28]} 30. Rac1 {[%emt 0:00:47]} Rdc7 {[%emt 0:00:03]} 31. Rxc7 {[%emt 0:01:
15]} Rxc7 {[%emt 0:00:01]} 32. Rc1 {[%emt 0:00:15]} Rxc1+ {[%emt 0:00:12]} 33.
Bxc1 {[%emt 0:00:04]} Kf8 {[%emt 0:00:20]} 34. f3 {[%emt 0:01:44]} Ke8 {
[%emt 0:02:28]} 35. Kf2 {[%emt 0:00:44]} Kd7 {[%emt 0:01:35]} 36. Ke3 {[%emt 0:
00:57]} Bd5 {[%emt 0:00:52]} 1/2-1/2

[Event "23rd ETCC Women 2021"]
[Site "Catez"]
[Date "2021.11.15"]
[Round "4.59"]
[White "Froewis, Annika"]
[Black "Ruzic, Pia Marie"]
[Result "1/2-1/2"]
[WhiteElo "2079"]
[BlackElo "2049"]
[Annotator "NA"]
[PlyCount "94"]
[EventDate "2021.11.08"]
[EventType "team-tourn"]
[EventCountry "SLO"]
[SourceTitle "playchess.com"]
[Source "ChessBase"]
[SourceQuality "1"]
[WhiteTeam "Austria"]
[BlackTeam "Slovenia"]
[WhiteTeamCountry "AUT"]
[BlackTeamCountry "SLO"]
[TimeControl "40/5400+30:1800+30"]

1. e4 {[%emt 0:00:01]} e6 {[%emt 0:00:11]} 2. d4 {[%emt 0:00:06]} d5 {[%emt 0:
00:11]} 3. Nd2 {[%emt 0:00:05]} Nf6 {[%emt 0:02:44]} 4. e5 {[%emt 0:00:21]}
Nfd7 {[%emt 0:00:05]} 5. Bd3 {[%emt 0:00:25]} c5 {[%emt 0:00:33]} 6. c3 {
[%emt 0:00:06]} Nc6 {[%emt 0:01:15]} 7. Ne2 {[%emt 0:00:40]} f6 {[%emt 0:03:19]
} 8. exf6 {[%emt 0:01:05]} Nxf6 {[%emt 0:00:09]} 9. Nf3 {[%emt 0:02:23]} cxd4 {
[%emt 0:08:50]} 10. cxd4 {[%emt 0:00:08]} Bd6 {[%emt 0:00:10]} 11. O-O {
[%emt 0:00:57]} O-O {[%emt 0:00:18]} 12. Bg5 {[%emt 0:00:18]} Bd7 {[%emt 0:02:
25]} 13. Bh4 {[%emt 0:25:13]} Be8 {[%emt 0:09:07]} 14. Ng3 {[%emt 0:13:23]}
Bxg3 {[%emt 0:12:07]} 15. hxg3 {[%emt 0:12:14]} Bh5 {[%emt 0:00:47]} 16. Bb5 {
[%emt 0:08:56]} Qb6 {[%emt 0:08:26]} 17. Bxc6 {[%emt 0:00:13]} Qxc6 {[%emt 0:
00:19]} 18. Bxf6 {[%emt 0:03:01]} Bxf3 {[%emt 0:06:14]} 19. gxf3 {[%emt 0:00:
17]} Rxf6 {[%emt 0:00:06]} 20. f4 {[%emt 0:02:06]} Qb6 {[%emt 0:01:57]} 21. Qd3
{[%emt 0:03:03]} Rc8 {[%emt 0:04:55]} 22. b3 {[%emt 0:02:44]} Rc6 {[%emt 0:07:
40]} 23. Kg2 {[%emt 0:02:47]} Rh6 {[%emt 0:02:08]} 24. Rac1 {[%emt 0:03:34]}
Qc7 {[%emt 0:08:34]} 25. Qb5 {[%emt 0:05:42]} Rg6 {[%emt 0:05:08]} 26. Rxc6 {
[%emt 0:08:09]} bxc6 {[%emt 0:00:04]} 27. Qd3 {[%emt 0:00:19]} Rf6 {[%emt 0:06:
28]} 28. Rc1 {[%emt 0:00:39]} Qb6 {[%emt 0:02:05]} 29. Rc5 {[%emt 0:03:28]} Rf7
{[%emt 0:00:45]} 30. a3 {[%emt 0:02:03]} g6 {[%emt 0:03:47]} 31. b4 {[%emt 0:
00:05]} a6 {[%emt 0:00:27]} 32. Qe3 {[%emt 0:01:09]} Re7 {[%emt 0:01:00]} 33.
g4 {[%emt 0:00:40]} h5 {[%emt 0:02:41]} 34. gxh5 {[%emt 0:00:14]} gxh5 {
[%emt 0:00:06]} 35. Qe5 {[%emt 0:00:27]} Qc7 {[%emt 0:01:34]} 36. Kf3 {[%emt 0:
00:53]} Qd7 {[%emt 0:01:18]} 37. Qxh5 {[%emt 0:00:22]} Rh7 {[%emt 0:00:27]} 38.
Qg5+ {[%emt 0:00:40]} Rg7 {[%emt 0:00:05]} 39. Qe5 {[%emt 0:00:16]} Qe8 {
[%emt 0:00:43]} 40. Ke3 {[%emt 0:00:45]} Rg1 {[%emt 0:00:40]} 41. Qf6 {[%emt 0:
03:26]} Qh5 {[%emt 0:12:25]} 42. Qxe6+ {[%emt 0:03:51]} Kf8 {[%emt 0:00:17]}
43. Kd2 {[%emt 0:19:48]} Qd1+ {[%emt 0:07:19]} 44. Kc3 {[%emt 0:00:04]} Qa1+ {
[%emt 0:00:29]} 45. Kb3 {[%emt 0:00:50]} Qd1+ {[%emt 0:00:07]} 46. Kc3 {
[%emt 0:02:35]} Qa1+ {[%emt 0:00:07]} 47. Kb3 {[%emt 0:00:19]} Qd1+ {[%emt 0:
00:28]} 1/2-1/2